| 000 | 00647nam a22002177a 4500 | ||
|---|---|---|---|
| 999 |
_c14177 _d14177 |
||
| 003 | AR-CdUCM | ||
| 008 | 190410b ||||| |||| 00| 0 spa d | ||
| 020 | _a84-7640-880-3 | ||
| 040 |
_aMUNICIPALIDAD PROVINCIAL DEL CUSCO _cBIBLIOTECA MUNICIPAL DEL CUSCO |
||
| 082 |
_aEP / 803 / _bEX97 |
||
| 100 |
_aExley, Helen _932850 |
||
| 245 | _aPara una esposa muy especial / | ||
| 260 |
_aMadrid : _bEDAF, _c1993. |
||
| 300 | _c15 cm. | ||
| 440 |
_aRegalo de amor. _932851 |
||
| 505 | _aContenido :Para una esposa muy especial ... | ||
| 650 |
_aCuentos _9217 |
||
| 650 |
_aTexto educativo _925832 |
||
| 942 |
_2ddc _cLIBROS |
||
| 945 |
_arum _d2019-04-22 |
||